[Event "21st Panam-ch"]
[Site "Mar del Plata ARG"]
[Date "2012.10.16"]
[Round "6.70"]
[White "Curotto, Nicolas"]
[Black "Schuh, Astor Jose"]
[Result "1-0"]
[WhiteElo "1859"]
[BlackElo "2055"]
[EventDate "2012.10.12"]
[PlyCount "66"]

1.e4 c5 2.Nf3 Nc6 3.d4 cxd4 4.Nxd4 e5 5.Nb3 Nf6 6.Nc3 Bb4 7.Bc4 O-O 8.Bg5 
Bxc3+ 9.bxc3 h6 10.Bh4 Qe7 11.O-O g5 12.Bg3 Nxe4 13.Qd3 b5 14.Bd5 Nf6 15.
Qg6+ Kh8 16.Qxh6+ Nh7 17.Bxc6 dxc6 18.Qxc6 Rb8 19.Qc5 Re8 20.Qxe7 Rxe7 21.
Rfe1 f6 22.Rad1 Rc7 23.Rxe5 Bg4 24.f3 Bxf3 25.gxf3 Rxc3 26.Re7 Rbc8 27.
Rdd7 Nf8 28.Rc7 R8xc7 29.Rxc7 Rxf3 30.Rxa7 Ne6 31.Re7 Ng7 32.Bf2 Nh5 33.
Re3 Rf4 1-0

[Event "21st Panam-ch"]
[Site "Mar del Plata ARG"]
[Date "2012.10.16"]
[Round "6.71"]
[White "Saitta, Jorge"]
[Black "Conde, Adrian"]
[Result "1-0"]
[WhiteElo "1847"]
[BlackElo "2053"]
[EventDate "2012.10.12"]
[PlyCount "67"]

1.e4 Nf6 2.e5 Nd5 3.d4 d6 4.c4 Nb6 5.exd6 cxd6 6.Bd3 g6 7.Be3 Bg7 8.Nc3 
Nc6 9.Nge2 O-O 10.a3 e5 11.d5 Nd4 12.O-O f5 13.Bxd4 exd4 14.Nb5 f4 15.
Nbxd4 f3 16.Nxf3 Rxf3 17.gxf3 Bh3 18.Re1 Bxb2 19.Ra2 Bc3 20.Ng3 Bxe1 21.
Qxe1 Nd7 22.f4 Qf6 23.Qe3 Rf8 24.Ne4 Qh4 25.Bf1 Bxf1 26.Kxf1 Re8 27.f3 Re7
28.Re2 Kf8 29.Qd4 Qxf4 30.Qh8+ Kf7 31.Qxh7+ Kf8 32.Qxg6 Rf7 33.Ng5 Ne5 34.
Ne6+ 1-0

[Event "21st Panam-ch"]
[Site "Mar del Plata ARG"]
[Date "2012.10.16"]
[Round "6.72"]
[White "Besso, Javier Alejandro"]
[Black "Monteiro, Marcos Paul de Souza"]
[Result "1/2-1/2"]
[WhiteElo "1751"]
[BlackElo "2040"]
[EventDate "2012.10.12"]
[PlyCount "43"]

1.d4 d5 2.c4 c6 3.Nc3 Nf6 4.cxd5 cxd5 5.Nf3 Nc6 6.Bf4 e6 7.e3 Bd6 8.Bxd6 
Qxd6 9.Bd3 O-O 10.O-O a6 11.Rc1 Bd7 12.Na4 Nb4 13.Bb1 Bb5 14.Re1 Rac8 15.
Rxc8 Rxc8 16.a3 Bxa4 17.Qxa4 Nc6 18.h3 g6 19.Nd2 Nd7 20.Rc1 Kg7 21.Qd1 Na7
22.Rxc8 1/2-1/2

[Event "21st Panam-ch"]
[Site "Mar del Plata ARG"]
[Date "2012.10.16"]
[Round "6.73"]
[White "Aguero Arce, Matias"]
[Black "Jorquera Alfaro, Mauricio"]
[Result "0-1"]
[WhiteElo "1633"]
[BlackElo "2036"]
[EventDate "2012.10.12"]
[PlyCount "36"]

1.d4 d5 2.Nf3 Nf6 3.c4 e6 4.Nc3 c6 5.Bg5 Bb4 6.e3 Nbd7 7.Bd3 Qa5 8.Qc2 Ne4
9.Bxe4 dxe4 10.Qxe4 Bxc3+ 11.bxc3 Qxc3+ 12.Ke2 Qxc4+ 13.Kd2 Qb4+ 14.Ke2 b6
15.Kf1 Qc3 16.Re1 h6 17.Bf4 Ba6+ 18.Kg1 Bd3 0-1

[Event "21st Panam-ch"]
[Site "Mar del Plata ARG"]
[Date "2012.10.16"]
[Round "6.74"]
[White "Morelli, Nicolas"]
[Black "Figar, Nicolas"]
[Result "1-0"]
[WhiteElo "2036"]
[BlackElo "1802"]
[EventDate "2012.10.12"]
[PlyCount "146"]

1.e4 e5 2.Nf3 Nc6 3.Bb5 a6 4.Ba4 Nf6 5.Qe2 b5 6.Bb3 Be7 7.c3 d6 8.O-O O-O 
9.Rd1 Na5 10.Bc2 c5 11.d4 Qc7 12.d5 Bg4 13.h3 Bh5 14.g4 Bg6 15.b3 Nd7 16.
Nbd2 Nb6 17.Nf1 c4 18.Ne3 Rfc8 19.Bd2 Nb7 20.Be1 cxb3 21.axb3 Nc5 22.Nf5 
Bf8 23.Ng3 Qd7 24.Nh2 a5 25.h4 f6 26.h5 Be8 27.Qe3 a4 28.b4 Nc4 29.Qf3 Nb7
30.Nhf1 Nd8 31.Nf5 Nf7 32.N1e3 Ng5 33.Qg2 h6 34.Nxc4 Rxc4 35.Ra3 Rac8 36.
Bd3 R4c7 37.Bd2 Nf7 38.Rf1 Be7 39.Qg3 Bd8 40.Kh2 Rb7 41.Re1 Bb6 42.Bf1 
Rbc7 43.Nh4 Ng5 44.f4 exf4 45.Qxf4 Nf7 46.Ng6 Ne5 47.Nxe5 dxe5 48.Qf3 Qd6 
49.Bh3 Bd7 50.Rf1 Rf8 51.Rc1 Rfc8 52.Kg3 Rf8 53.Bf1 Ba7 54.Bd3 Bb6 55.Qe2 
Rb8 56.Kh3 Ba7 57.Rf1 Be8 58.Rf3 Rcb7 59.Qf1 Bd7 60.Bxh6 gxh6 61.Rxf6 Qe7 
62.d6 Qe8 63.Rxh6 Be3 64.Rg6+ Kh7 65.c4 Be6 66.c5 Rf7 67.Qe2 Qf8 68.Kg3 
Bf2+ 69.Kg2 Bh4 70.Kh3 Rf2 71.Rxe6 Qf4 72.Qxf2 Bxf2 73.Be2 Bg1 1-0

[Event "21st Panam-ch"]
[Site "Mar del Plata ARG"]
[Date "2012.10.16"]
[Round "6.75"]
[White "Heinecke, Victor"]
[Black "Oliveira, Francemir Barra de"]
[Result "1-0"]
[WhiteElo "2025"]
[BlackElo "1799"]
[EventDate "2012.10.12"]
[PlyCount "93"]

1.e4 e5 2.Nf3 Nc6 3.Bb5 Nf6 4.O-O a6 5.Bxc6 bxc6 6.Nxe5 Bd6 7.Nf3 Be7 8.
Nc3 d6 9.d4 O-O 10.h3 Ne8 11.Bf4 g5 12.Bg3 g4 13.hxg4 Bxg4 14.Qd3 Kh8 15.
d5 c5 16.Rae1 Ng7 17.Nh2 Bh5 18.Ne2 f5 19.e5 Bxe2 20.Rxe2 f4 21.Ng4 fxg3 
22.Qxg3 Nf5 23.Qd3 Rb8 24.c3 Ng7 25.g3 dxe5 26.Nxe5 Rb6 27.Kg2 Rh6 28.Ree1
Qd6 29.Rh1 Nh5 30.Ng4 Nf4+ 31.gxf4 Qxf4 32.Qg3 Rxh1 33.Kxh1 Qxg3 34.fxg3 
Bd6 35.Kg2 Kg7 36.Ne3 Kg6 37.Nc4 Rf6 38.Re3 Kf5 39.Rf3+ Kg6 40.Rxf6+ Kxf6 
41.Kf3 h5 42.Nxd6 cxd6 43.Kf4 a5 44.b3 Kg6 45.a3 Kf6 46.b4 axb4 47.axb4 
1-0

[Event "21st Panam-ch"]
[Site "Mar del Plata ARG"]
[Date "2012.10.16"]
[Round "6.76"]
[White "Aberbach, Angel"]
[Black "Mendez, Nicolas"]
[Result "1-0"]
[WhiteElo "2023"]
[BlackElo "1744"]
[EventDate "2012.10.12"]
[PlyCount "113"]

1.c4 b6 2.Nf3 Bb7 3.g3 Nf6 4.Bg2 g6 5.Nc3 Bg7 6.d4 O-O 7.O-O d5 8.Ne5 c6 
9.cxd5 Nxd5 10.Nxd5 cxd5 11.Qb3 e6 12.Qa4 f6 13.Nf3 Qd7 14.Qb3 Nc6 15.Bd2 
Rfe8 16.Rfe1 Kh8 17.h4 Rac8 18.Bh3 f5 19.Bc3 Ba6 20.Bg2 Bc4 21.Qd1 a5 22.
b3 Ba6 23.Qd2 Qd6 24.h5 gxh5 25.Qg5 Rg8 26.Qxh5 Bf6 27.e3 Rg6 28.a3 Qe7 
29.Ne5 Nxe5 30.dxe5 Rxc3 31.exf6 Qxf6 32.b4 a4 33.Red1 Bd3 34.Bf1 Bxf1 35.
Kxf1 Rg8 36.Rd4 b5 37.Kg2 Qg6 38.Qh4 Qg5 39.Qh3 Rg7 40.Rh4 Qe7 41.Rh6 Kg8 
42.Qh5 Qf7 43.Qh4 Qe7 44.Qd4 Rc6 45.Rah1 Rf7 46.Qe5 Rb6 47.R1h5 Rg7 48.
Rxf5 Qc7 49.Rxe6 Qxe5 50.Rexe5 Rd7 51.Rxd5 Rdb7 52.Rg5+ Kf7 53.e4 Ke6 54.
Rh5 Kf6 55.g4 Kg6 56.f4 h6 57.Rc5 1-0

[Event "21st Panam-ch"]
[Site "Mar del Plata ARG"]
[Date "2012.10.16"]
[Round "6.80"]
[White "Ezcurra, Mariano"]
[Black "Bulgarini Torre, Marco"]
[Result "1/2-1/2"]
[WhiteElo "1560"]
[BlackElo "1977"]
[EventDate "2012.10.12"]
[PlyCount "75"]

1.e4 e6 2.c4 d5 3.cxd5 exd5 4.exd5 Nf6 5.Nc3 Nxd5 6.Be2 Be7 7.Nf3 O-O 8.
O-O Nc6 9.Re1 Bf5 10.a3 Nf4 11.d4 Nxe2+ 12.Qxe2 Bf6 13.Be3 a6 14.Rad1 Re8 
15.h3 h6 16.Qd2 Qd7 17.Kh2 Rad8 18.b4 Qc8 19.b5 axb5 20.Nxb5 Ne5 21.Nxe5 
Bxe5+ 22.Bf4 Bxf4+ 23.Qxf4 Rxe1 24.Rxe1 c6 25.Nd6 Qc7 26.Qxf5 Qxd6+ 27.Qe5
Qxa3 28.Qc7 Qd6+ 29.Qxd6 Rxd6 30.Re7 b5 31.Rc7 g5 32.Kg3 Kg7 33.Kf3 Kf6 
34.Ke4 Re6+ 35.Kd3 Kg6 36.d5 cxd5 37.Rc5 Re5 38.Rxb5 1/2-1/2

[Event "21st Panam-ch"]
[Site "Mar del Plata ARG"]
[Date "2012.10.16"]
[Round "6.82"]
[White "Cortes Orihuela, Javier"]
[Black "Etchevest, Marcelo"]
[Result "0-1"]
[WhiteElo "1948"]
[BlackElo "1744"]
[EventDate "2012.10.12"]
[PlyCount "114"]

1.Nf3 g6 2.g3 Bg7 3.Bg2 d6 4.O-O f5 5.d3 Nf6 6.c4 e5 7.Nc3 c6 8.Rb1 O-O 9.
b4 Nh5 10.Qb3 Qe7 11.Ne1 Na6 12.Ba3 Nc7 13.b5 c5 14.Nc2 f4 15.Bc1 Ne6 16.
Ne4 Ng5 17.Nxg5 Qxg5 18.Bd2 Qe7 19.Ne1 g5 20.a4 Be6 21.a5 Rab8 22.e3 Rf6 
23.Qd1 Rh6 24.g4 fxe3 25.fxe3 Nf6 26.h3 e4 27.Qc2 Bxg4 28.dxe4 Bxh3 29.Bc3
Ng4 30.Qb2 Bxg2 31.Nxg2 Ne5 32.Rf5 g4 33.Qc2 Rf8 34.Rxf8+ Qxf8 35.Bxe5 
Bxe5 36.Qf2 Bh2+ 37.Kf1 Rf6 38.Nf4 Bxf4 39.Ke2 Be5 40.Qg2 g3 41.Kd3 Rf2 
42.Qh3 Qf3 43.Qe6+ Kg7 44.Qe7+ Kg6 45.Qe6+ Kh5 46.Qe8+ Kh4 47.Qe7+ Bf6 48.
Qxh7+ Qh5 49.Qxh5+ Kxh5 50.a6 b6 51.Rh1+ Kg6 52.Rh3 Be5 53.Rh4 Kf6 54.Rh8 
Kg6 55.Rg8+ Kf7 56.Rf8+ Kg6 57.Rg8+ Bg7 0-1

[Event "21st Panam-ch"]
[Site "Mar del Plata ARG"]
[Date "2012.10.16"]
[Round "6.83"]
[White "Freitas, Julio Eimard de"]
[Black "Zalimben, Maria Luz"]
[Result "1-0"]
[WhiteElo "1882"]
[BlackElo "1714"]
[EventDate "2012.10.12"]
[PlyCount "59"]

1.d4 Nf6 2.c4 g6 3.Nc3 Bg7 4.e4 d6 5.Be2 O-O 6.Nf3 c5 7.O-O Nc6 8.d5 Na5 
9.h3 b6 10.Rb1 Nd7 11.Bd2 Ba6 12.b3 e5 13.Qc1 Bc8 14.Bh6 f5 15.Bxg7 Kxg7 
16.Ng5 Nf6 17.exf5 gxf5 18.Ne6+ Bxe6 19.dxe6 h6 20.Nd5 Nc6 21.Bf3 e4 22.
Bd1 Re8 23.e7 Nxe7 24.Nxf6 Kxf6 25.Qxh6+ Ng6 26.Bh5 Rg8 27.Rbd1 Qc7 28.Rd5
Rad8 29.Rfd1 Rd7 30.h4 1-0

[Event "21st Panam-ch"]
[Site "Mar del Plata ARG"]
[Date "2012.10.16"]
[Round "6.84"]
[White "Argote Heredia, Valentina"]
[Black "Maggiori, Luciano"]
[Result "1-0"]
[WhiteElo "1856"]
[BlackElo "1700"]
[EventDate "2012.10.12"]
[PlyCount "42"]

1.e4 c5 2.Nf3 Nc6 3.d4 cxd4 4.Nxd4 e5 5.Nb5 a6 6.Nd6+ Bxd6 7.Qxd6 Qf6 8.
Qxf6 Nxf6 9.f3 d5 10.exd5 Nxd5 11.c3 Be6 12.Na3 Rd8 13.Nc2 O-O 14.Ne3 Nce7
15.Nxd5 Nxd5 16.g3 Rd7 17.Be2 Rfd8 18.Kf2 Nb6 19.b3 Nd5 20.Bb2 f6 21.Rad1 
Ne7 1-0

[Event "21st Panam-ch"]
[Site "Mar del Plata ARG"]
[Date "2012.10.16"]
[Round "6.86"]
[White "March, Diego"]
[Black "Perez Velazco, Daniela"]
[Result "1-0"]
[WhiteElo "1822"]
[BlackElo "1465"]
[EventDate "2012.10.12"]
[PlyCount "53"]

1.d4 Nf6 2.c4 g6 3.Nc3 Bg7 4.e4 d6 5.f4 O-O 6.Nf3 c5 7.d5 e6 8.Be2 exd5 9.
cxd5 a6 10.a4 Re8 11.Nd2 Nfd7 12.O-O Qe7 13.Nc4 Bxc3 14.bxc3 Qxe4 15.Re1 
Qe7 16.Bd2 Nf8 17.Bg4 Qd8 18.Rxe8 Qxe8 19.Bxc8 Qxc8 20.Nb6 Qd8 21.Nxa8 
Nbd7 22.c4 Qxa8 23.Qe2 Qd8 24.Rb1 Qc8 25.Qe7 Qb8 26.Bc3 Ne6 27.Qxd7 1-0

[Event "21st Panam-ch"]
[Site "Mar del Plata ARG"]
[Date "2012.10.16"]
[Round "6.88"]
[White "Caceres Recalde, Gonzalo"]
[Black "Romero, Fabian"]
[Result "0-1"]
[WhiteElo "1582"]
[BlackElo "2058"]
[EventDate "2012.10.12"]
[PlyCount "95"]

1.e4 c5 2.Nf3 d6 3.d4 cxd4 4.Nxd4 Nf6 5.Nc3 g6 6.Bc4 Bg7 7.O-O O-O 8.Re1 
Nbd7 9.Nf3 Nb6 10.Bb3 Bg4 11.Bg5 Nfd7 12.h3 Bxf3 13.Qxf3 Ne5 14.Qe2 h6 15.
Bh4 g5 16.Bg3 Rc8 17.Bxe5 Bxe5 18.Qh5 Bg7 19.Re3 Nc4 20.Rf3 e6 21.Bxc4 
Rxc4 22.Rd3 Qb6 23.Nd1 Rxc2 24.Rb3 Qc6 25.Qf3 Rc8 26.h4 Rc4 27.hxg5 hxg5 
28.Qh5 Qxe4 29.Qxg5 Qg6 30.Qxg6 fxg6 31.Nc3 b6 32.Ra3 a5 33.Rb3 R4c6 34.
Rd1 Bxc3 35.bxc3 Rxc3 36.Rxc3 Rxc3 37.Rxd6 b5 38.Rd2 Rc1+ 39.Kh2 Rb1 40.
Kg3 a4 41.Kf3 a3 42.Ke3 b4 43.Kd3 b3 44.axb3 Rxb3+ 45.Kc4 Rb2 46.Rd3 a2 
47.Ra3 Rxf2 48.Kd3 0-1

[Event "21st Panam-ch"]
[Site "Mar del Plata ARG"]
[Date "2012.10.16"]
[Round "6.89"]
[White "Romero Kries, Mario Andres"]
[Black "Sepulveda Perez, Jorge Eduardo"]
[Result "0-1"]
[WhiteElo "1645"]
[BlackElo "1953"]
[EventDate "2012.10.12"]
[PlyCount "78"]

1.d4 Nf6 2.c4 e6 3.Nc3 d5 4.e3 Nbd7 5.Bd3 dxc4 6.Bxc4 c6 7.Nge2 b5 8.Bd3 
Bb7 9.O-O Rc8 10.a3 a6 11.b4 Bd6 12.e4 e5 13.Bb2 exd4 14.Nxd4 O-O 15.Nf5 
Bb8 16.f4 g6 17.Nh6+ Kg7 18.Ng4 Nxg4 19.Qxg4 Ba7+ 20.Kh1 Bd4 21.e5 f5 22.
Qf3 Qb6 23.Rac1 Rfe8 24.Qg3 Rf8 25.h4 Qd8 26.Rfd1 c5 27.bxc5 Nxc5 28.Bb1 
Nb3 29.Rc2 Qb6 30.Ne2 Rxc2 31.Bxc2 Bxb2 32.Bxb3 Rd8 33.Rd3 Bxa3 34.Ba2 Be7
35.e6 Rxd3 36.Qxd3 Qf2 37.Bd5 Qxh4+ 38.Kg1 Bc5+ 39.Kf1 Qf2# 0-1

[Event "21st Panam-ch"]
[Site "Mar del Plata ARG"]
[Date "2012.10.16"]
[Round "6.90"]
[White "Bilbao, Guillermo"]
[Black "Desanzo, Juan Carlos"]
[Result "1-0"]
[WhiteElo "1890"]
[BlackElo "1604"]
[EventDate "2012.10.12"]
[PlyCount "57"]

1.e4 c5 2.Nf3 d6 3.d4 cxd4 4.Nxd4 Nf6 5.Nc3 a6 6.Bg5 e6 7.f4 e5 8.Nb3 Be7 
9.f5 b5 10.Qf3 Bb7 11.Bxf6 Bxf6 12.O-O-O O-O 13.Nd5 Bxd5 14.Rxd5 Qb6 15.h4
Nd7 16.g4 Nc5 17.g5 Nxb3+ 18.axb3 Bd8 19.f6 g6 20.h5 Ra7 21.Qd3 Bc7 22.
hxg6 fxg6 23.Bh3 Bb8 24.Be6+ Kh8 25.Qh3 Qf2 26.Rf1 Qb6 27.Rd2 Qd8 28.Rh2 
h5 29.Qxh5+ 1-0

[Event "21st Panam-ch"]
[Site "Mar del Plata ARG"]
[Date "2012.10.16"]
[Round "6.92"]
[White "Baquero, Yuri Paola"]
[Black "Farias, Sergio Luiz Cardoso"]
[Result "1-0"]
[WhiteElo "1780"]
[BlackElo "1524"]
[EventDate "2012.10.12"]
[PlyCount "79"]

1.d4 d5 2.Bf4 e6 3.Nf3 Bd6 4.Bg3 Bxg3 5.hxg3 Nd7 6.e3 a6 7.Nbd2 Ngf6 8.Bd3
c5 9.c3 b5 10.a3 Bb7 11.Qb1 g6 12.Bc2 Qe7 13.Nb3 Rc8 14.O-O e5 15.Qd1 e4 
16.Nh2 Qf8 17.dxc5 Nxc5 18.Nxc5 Rxc5 19.Qd4 Qe7 20.Ng4 Rc6 21.Nxf6+ Rxf6 
22.f4 h5 23.Kf2 Rh7 24.Rh1 Rf5 25.Ke2 h4 26.g4 Rf6 27.Bd1 Re6 28.Kd2 f6 
29.Be2 Qc7 30.a4 bxa4 31.Qxa4+ Kf8 32.Qa5 Rb6 33.Qa3+ Kg8 34.Raf1 Bc8 35.
g5 f5 36.Ra1 Qb7 37.Rab1 Qb8 38.b4 Rd6 39.Ke1 Qa7 40.g3 1-0

[Event "21st Panam-ch"]
[Site "Mar del Plata ARG"]
[Date "2012.10.17"]
[Round "7.1"]
[White "Bruzon Batista, Lazaro"]
[Black "Bacallao Alonso, Yusnel"]
[Result "1-0"]
[WhiteElo "2717"]
[BlackElo "2580"]
[EventDate "2012.10.12"]
[PlyCount "44"]

1.c4 Nf6 2.Nc3 d5 3.cxd5 Nxd5 4.g3 g6 5.Bg2 Nxc3 6.bxc3 Bg7 7.Nf3 O-O 8.
O-O Nc6 9.d4 Na5 10.Bf4 b6 11.e4 Bb7 12.Qc2 e6 13.Rad1 Qe7 14.Rfe1 Rad8 
15.h4 h6 16.c4 Qb4 17.Bf1 Bc6 18.Qc1 Ba4 19.Rd3 Kh7 20.c5 Rxd4 21.Bd2 Qc4 
22.Nxd4 Rh8 1-0

[Event "21st Panam-ch"]
[Site "Mar del Plata ARG"]
[Date "2012.10.17"]
[Round "7.4"]
[White "Valerga, Diego"]
[Black "Leitao, Rafael"]
[Result "0-1"]
[WhiteElo "2485"]
[BlackElo "2617"]
[EventDate "2012.10.12"]
[PlyCount "64"]

1.d4 Nf6 2.c4 e6 3.Nc3 Bb4 4.Qc2 c5 5.dxc5 O-O 6.Nf3 Na6 7.c6 bxc6 8.a3 
Bxc3+ 9.Qxc3 Nc5 10.b4 Nce4 11.Qc2 a5 12.Rb1 axb4 13.axb4 d5 14.Nd2 e5 15.
Nxe4 Nxe4 16.e3 Qg5 17.h4 Qf6 18.h5 Qg5 19.h6 Bf5 20.Qb2 Rfe8 21.Ra1 Rad8 
22.Rh2 dxc4 23.Bxc4 Bg4 24.Bb3 Rd7 25.Bc2 Red8 26.Qb3 Be6 27.Qa4 Nc3 28.
Bxh7+ Kxh7 29.Qc2+ g6 30.Qxc3 Rd1+ 31.Ke2 Qg4+ 32.f3 Bc4+ 0-1

[Event "21st Panam-ch"]
[Site "Mar del Plata ARG"]
[Date "2012.10.17"]
[Round "7.7"]
[White "Martinez Romero, Martin"]
[Black "Flores, Diego"]
[Result "0-1"]
[WhiteElo "2368"]
[BlackElo "2598"]
[EventDate "2012.10.12"]
[PlyCount "64"]

1.e4 c5 2.Nf3 e6 3.d4 cxd4 4.Nxd4 a6 5.Nc3 b5 6.Bd3 Qb6 7.Be3 Bc5 8.Be2 
Nc6 9.Nxc6 Qxc6 10.e5 Bxe3 11.fxe3 Qc7 12.Qd4 Ne7 13.Ne4 Nf5 14.Nd6+ Qxd6 
15.Qxd6 Nxd6 16.exd6 Bb7 17.Kf2 Bc6 18.b4 f5 19.Rhc1 Kf7 20.c4 bxc4 21.
Rxc4 Rhb8 22.Bf3 Bxf3 23.Kxf3 a5 24.bxa5 Rxa5 25.a4 e5 26.Rd1 Rba8 27.Rb1 
Rxa4 28.Rc5 Ke6 29.Rb6 g5 30.h3 h5 31.Rc7 h4 32.Rbb7 Ra2 0-1

[Event "21st Panam-ch"]
[Site "Mar del Plata ARG"]
[Date "2012.10.17"]
[Round "7.8"]
[White "Kaidanov, Gregory"]
[Black "Real De Azua, Ernesto"]
[Result "1-0"]
[WhiteElo "2587"]
[BlackElo "2482"]
[EventDate "2012.10.12"]
[PlyCount "67"]

1.e4 e5 2.Nf3 Nc6 3.Bc4 Bc5 4.c3 Nf6 5.d3 d6 6.Bb3 a6 7.h3 Ba7 8.Nbd2 O-O 
9.Nf1 d5 10.Qe2 Be6 11.Ng3 h6 12.Nh4 dxe4 13.dxe4 Bxb3 14.axb3 Qd7 15.Qf3 
Qe6 16.O-O Kh7 17.b4 g6 18.Be3 Ng8 19.Bxa7 Nxa7 20.Qe3 Nc6 21.f4 exf4 22.
Qxf4 Rac8 23.Rad1 Nge7 24.Nf3 f6 25.Rf2 Rf7 26.Ne2 Kg7 27.Ned4 Nxd4 28.
Nxd4 Qb6 29.Kh1 Nc6 30.Ne6+ Kh7 31.Qh4 Qe3 32.Rxf6 Re7 33.Rdf1 Ne5 34.Nf8+
1-0

[Event "21st Panam-ch"]
[Site "Mar del Plata ARG"]
[Date "2012.10.17"]
[Round "7.9"]
[White "Mareco, Sandro"]
[Black "Slipak, Sergio"]
[Result "1-0"]
[WhiteElo "2581"]
[BlackElo "2447"]
[EventDate "2012.10.12"]
[PlyCount "95"]

1.d4 Nf6 2.c4 e6 3.Nc3 Bb4 4.Qc2 c5 5.dxc5 Bxc5 6.Nf3 Qc7 7.a3 a6 8.b4 Be7
9.e4 d6 10.Bd3 Nbd7 11.O-O b6 12.Re1 O-O 13.Bf4 Nh5 14.Be3 Bb7 15.Rac1 
Rac8 16.Be2 Nhf6 17.Nd2 Qb8 18.Qb1 Rfe8 19.Bf4 Ne5 20.h3 Bd8 21.Bf1 Bc7 
22.Na4 Bc6 23.Nb2 Qa8 24.a4 a5 25.b5 Bb7 26.Bxe5 dxe5 27.c5 bxc5 28.Nbc4 
Red8 29.b6 Bb8 30.f3 Ba6 31.Qb2 Nd7 32.Qc3 Qc6 33.Qxa5 Bxc4 34.Nxc4 Bd6 
35.b7 Rc7 36.Rb1 Be7 37.Qb5 Nb8 38.Nxe5 Qxb5 39.Rxb5 Bf6 40.f4 g5 41.g3 
gxf4 42.gxf4 Bh4 43.Rc1 Rd2 44.Nd3 c4 45.Rc3 Ra2 46.Nb2 f5 47.Bxc4 Rg7+ 
48.Kh2 1-0

[Event "21st Panam-ch"]
[Site "Mar del Plata ARG"]
[Date "2012.10.17"]
[Round "7.10"]
[White "Shabalov, Alexander"]
[Black "Soppe, Guillermo"]
[Result "1-0"]
[WhiteElo "2570"]
[BlackElo "2417"]
[EventDate "2012.10.12"]
[PlyCount "67"]

1.e4 c6 2.Ne2 g6 3.d4 Bg7 4.Nbc3 d6 5.g3 b5 6.Bg2 Bb7 7.O-O a6 8.Be3 Nf6 
9.h3 Nbd7 10.f4 Nb6 11.b3 b4 12.Nb1 O-O 13.Nd2 Qc7 14.c3 bxc3 15.Nxc3 a5 
16.Rc1 Qd8 17.a4 Ba6 18.Rf2 Rb8 19.g4 Nfd7 20.Bf1 Bxf1 21.Qxf1 e6 22.f5 
exf5 23.gxf5 Re8 24.Qg2 Nc8 25.e5 dxe5 26.d5 cxd5 27.Nxd5 Ndb6 28.Nc7 Rf8 
29.Ne4 Qd3 30.Bc5 Nd7 31.Bxf8 Nxf8 32.Nd5 Nb6 33.Ne7+ Kh8 34.Ng5 1-0

[Event "21st Panam-ch"]
[Site "Mar del Plata ARG"]
[Date "2012.10.17"]
[Round "7.11"]
[White "Hernandez Guerrero, Gilberto"]
[Black "Molina, Roberto Junio Brito"]
[Result "1/2-1/2"]
[WhiteElo "2531"]
[BlackElo "2400"]
[EventDate "2012.10.12"]
[PlyCount "57"]

1.e4 c6 2.d4 d5 3.Nd2 dxe4 4.Nxe4 Nd7 5.Bc4 Ngf6 6.Ng5 e6 7.Qe2 Nb6 8.Bd3 
h6 9.N5f3 c5 10.dxc5 Bxc5 11.Ne5 Nbd7 12.Ngf3 Qc7 13.Bf4 Bb4+ 14.Kf1 Bd6 
15.Rd1 Nh5 16.g3 Nxf4 17.gxf4 O-O 18.Rg1 Nf6 19.Nd4 Bc5 20.Nb3 Bd6 21.Re1 
Rd8 22.Nd2 b6 23.Qf3 Bb7 24.Qh3 Kf8 25.Qg3 Ne8 26.Ne4 Bxe4 27.Rxe4 Rac8 
28.a3 Qb7 29.Re2 1/2-1/2

[Event "21st Panam-ch"]
[Site "Mar del Plata ARG"]
[Date "2012.10.17"]
[Round "7.12"]
[White "Cori Tello, Deysi"]
[Black "Ricardi, Pablo"]
[Result "1/2-1/2"]
[WhiteElo "2411"]
[BlackElo "2505"]
[EventDate "2012.10.12"]
[PlyCount "45"]

1.d4 d5 2.Nf3 Nf6 3.c4 dxc4 4.e3 c5 5.Bxc4 e6 6.O-O Nc6 7.Qe2 cxd4 8.Rd1 
Be7 9.exd4 O-O 10.Nc3 Na5 11.Bd3 b6 12.Ne4 Bb7 13.Bg5 Rc8 14.Bxf6 Bxf6 15.
Ne5 Be7 16.Nc3 Bd6 17.Be4 Qe7 18.Bxb7 Qxb7 19.d5 exd5 20.Rxd5 Bxe5 21.Rxe5
Nc4 22.Re7 Qc6 23.Re1 1/2-1/2

[Event "21st Panam-ch"]
[Site "Mar del Plata ARG"]
[Date "2012.10.17"]
[Round "7.13"]
[White "Perez Ponsa, Federico"]
[Black "Rosito, Jorge"]
[Result "1-0"]
[WhiteElo "2489"]
[BlackElo "2387"]
[EventDate "2012.10.12"]
[PlyCount "53"]

1.e4 c5 2.Nf3 e6 3.d4 cxd4 4.Nxd4 Nf6 5.Nc3 Nc6 6.Be2 Bb4 7.O-O Bxc3 8.
bxc3 Nxe4 9.Qd3 d5 10.Ba3 f6 11.c4 Kf7 12.cxd5 exd5 13.c4 Ne5 14.Qe3 Re8 
15.cxd5 Nd6 16.Bxd6 Qxd6 17.Nb5 Qd8 18.d6 Be6 19.Nc7 Qxd6 20.Nxe8 Rxe8 21.
Qxa7 Bd5 22.Qd4 Nc6 23.Qh4 Re4 24.Qxh7 Nd4 25.Bh5+ Kf8 26.Rac1 Ne2+ 27.
Bxe2 1-0

[Event "21st Panam-ch"]
[Site "Mar del Plata ARG"]
[Date "2012.10.17"]
[Round "7.15"]
[White "Tristan, Leonardo"]
[Black "Fulgenzi, Ernesto"]
[Result "1-0"]
[WhiteElo "2442"]
[BlackElo "2344"]
[EventDate "2012.10.12"]
[PlyCount "27"]

1.e4 g6 2.d4 Bg7 3.Nc3 d6 4.f4 Nc6 5.Be3 Nh6 6.Nf3 Bg4 7.Qd2 Bxf3 8.gxf3 
f5 9.d5 Nb8 10.h4 Nd7 11.h5 a6 12.Bd4 Nf6 13.hxg6 hxg6 14.Rg1 1-0

[Event "21st Panam-ch"]
[Site "Mar del Plata ARG"]
[Date "2012.10.17"]
[Round "7.16"]
[White "Estrada Nieto, Julian"]
[Black "Roselli Mailhe, Bernardo"]
[Result "1/2-1/2"]
[WhiteElo "2310"]
[BlackElo "2430"]
[EventDate "2012.10.12"]
[PlyCount "120"]

1.e4 e6 2.d4 d5 3.Nd2 c5 4.exd5 exd5 5.Ngf3 Nc6 6.Bb5 Bd6 7.dxc5 Bxc5 8.
O-O Ne7 9.Nb3 Bd6 10.Bg5 O-O 11.Bh4 Re8 12.Re1 Bg4 13.Bg3 Bxg3 14.hxg3 Qb6
15.Bd3 h6 16.Qd2 Rad8 17.Qf4 Bxf3 18.Qxf3 Nb4 19.a3 Nxd3 20.Qxd3 Nc6 21.
Rad1 Re4 22.Qc3 Rc4 23.Qd3 Re4 24.Qc3 Rc4 25.Qd3 a5 26.Nd2 Rd4 27.Qb3 Qa6 
28.c3 a4 29.Qc2 Rg4 30.Nf3 Qb6 31.Rxd5 Rf8 32.Ne5 Nxe5 33.Rdxe5 Rxg3 34.
Rb5 Qg6 35.Qxg6 Rxg6 36.Rxb7 Rd8 37.Re4 Ra6 38.g3 h5 39.Kg2 g6 40.Re3 Kg7 
41.Rf3 Rf6 42.Rxf6 Kxf6 43.Kf3 Rd2 44.Ke3 Rc2 45.Rb4 g5 46.Rxa4 Rxb2 47.
Rb4 Rc2 48.Rc4 h4 49.gxh4 gxh4 50.Kf3 h3 51.Kg3 h2 52.Kxh2 Rxf2+ 53.Kg3 
Ra2 54.a4 Kg5 55.Kf3 f5 56.Ke3 Ra1 57.Rb4 Ra3 58.Rc4 Ra1 59.Rb4 Ra3 60.Rc4
Ra1 1/2-1/2

[Event "21st Panam-ch"]
[Site "Mar del Plata ARG"]
[Date "2012.10.17"]
[Round "7.17"]
[White "Barbosa, Evandro Amorim"]
[Black "Pichot, Alan"]
[Result "0-1"]
[WhiteElo "2427"]
[BlackElo "2300"]
[EventDate "2012.10.12"]
[PlyCount "118"]

1.e4 c5 2.Nf3 e6 3.d3 d5 4.Qe2 Nf6 5.g3 Be7 6.Bg2 Nc6 7.O-O b6 8.h4 Bb7 9.
e5 Nd7 10.c4 dxc4 11.dxc4 Qc7 12.Bf4 Nd4 13.Nxd4 cxd4 14.Rd1 Bxg2 15.Kxg2 
Qc6+ 16.Kg1 Bc5 17.Nd2 O-O 18.Nf3 f6 19.Nxd4 Bxd4 20.Rxd4 fxe5 21.Bxe5 Rf5
22.Bd6 e5 23.Qe4 Rc8 24.Qxf5 exd4 25.Ba3 Re8 26.Qd5+ Qxd5 27.cxd5 Re5 28.
d6 a5 29.Rd1 Rd5 30.f4 Nf6 31.Kg2 Kf7 32.Kf3 h5 33.b3 d3 34.Ke3 Ng4+ 35.
Kd2 b5 36.Re1 b4 37.Re7+ Kf8 38.Bb2 Rxd6 39.Re4 Nh2 40.Kd1 Rc6 41.Rc4 Rxc4
42.bxc4 Nf1 43.Be5 Kf7 44.c5 g6 45.c6 Ke6 46.Ke1 Nxg3 47.Kd2 Nf5 48.Kxd3 
Nxh4 49.Ke4 Nf5 50.Kf3 a4 51.Ke4 b3 52.axb3 axb3 53.Kf3 Nd6 54.Kg3 Nf7 55.
Bc3 Kd6 56.Kh4 Kxc6 57.f5 gxf5 58.Kxh5 Kd5 59.Kg6 f4 0-1

[Event "21st Panam-ch"]
[Site "Mar del Plata ARG"]
[Date "2012.10.17"]
[Round "7.18"]
[White "Diaz Hollemaert, Nahuel"]
[Black "Paveto, Kevin"]
[Result "1/2-1/2"]
[WhiteElo "2408"]
[BlackElo "2282"]
[EventDate "2012.10.12"]
[PlyCount "30"]

1.Nf3 Nf6 2.c4 c6 3.e3 g6 4.d4 Bg7 5.Nc3 O-O 6.b4 d5 7.a4 a5 8.bxa5 c5 9.
Ra3 cxd4 10.Nxd4 Qxa5 11.Bd2 Qc5 12.Qc1 dxc4 13.Ncb5 Ne4 14.Qxc4 Na6 15.
Qxc5 Nexc5 1/2-1/2

[Event "21st Panam-ch"]
[Site "Mar del Plata ARG"]
[Date "2012.10.17"]
[Round "7.19"]
[White "Krysa, Leandro"]
[Black "Santos, Haroldo Cunha dos"]
[Result "1-0"]
[WhiteElo "2381"]
[BlackElo "2263"]
[EventDate "2012.10.12"]
[PlyCount "101"]

1.c4 e5 2.Nc3 Nf6 3.Nf3 Nc6 4.e4 d6 5.h3 g6 6.d4 Nxd4 7.Nxd4 exd4 8.Qxd4 
Bg7 9.Be3 O-O 10.Qd2 Re8 11.f3 Nh5 12.g4 Ng3 13.Rg1 Nxf1 14.Rxf1 Be6 15.
Qd3 a6 16.Rf2 Qh4 17.O-O-O b5 18.c5 dxc5 19.Bxc5 Qxh3 20.Nd5 Bxd5 21.Qxd5 
Qg3 22.Kb1 Qe5 23.Rfd2 Qxd5 24.Rxd5 Be5 25.Be3 f6 26.Bc5 Re6 27.Rd7 Bf4 
28.Rh1 h6 29.Rhd1 Rae8 30.a3 a5 31.b3 Rc6 32.R1d5 Rce6 33.Rd1 Bg3 34.Be3 
h5 35.gxh5 gxh5 36.Rg1 h4 37.Bf4 R6e7 38.Rxc7 Rxc7 39.Bxc7 Kf7 40.Bxg3 
hxg3 41.Rxg3 Rh8 42.Kc2 Rh2+ 43.Kc3 Ra2 44.Rh3 Kg7 45.Rh5 Rxa3 46.Rxb5 a4 
47.Kb2 Rxb3+ 48.Rxb3 axb3 49.Kxb3 Kg6 50.f4 Kf7 51.Kc4 1-0